000 00523nam a2200157Ia 4500
008 210716s2010 xx 000 0 und d
020 _a9788132104414
041 _aeng
082 _a652.3007 MONM
100 _aMonippally, Mathukutty M; Pawar, Badrinarayan Shankar.
245 _aAcademic writing: a guide for management students and researchers.
_bGuide for management students and researchers.
250 _a1
260 _aNew Delhi
_bResponse Books
_c2010
300 _axxiii,235
650 _aBusiness Communication
999 _c205779
_d205779